Ripollet, vila de civisme
Descripción Física:
[16] p. : il. col. ; 27 cm
Colección:
Ciutat i natura ; 37
Materias:
Educació cívica -- Ripollet
MARC
| LEADER | 00000nam a2200000Ia 4500 | ||
|---|---|---|---|
| 001 | 24282 | ||
| 008 | 160829s2004 xx 000 0 cat d | ||
| 080 | |a FU-65-5 | ||
| 100 | |a Luna, Gonçal |9 456 | ||
| 245 | |a Ripollet, vila de civisme | ||
| 260 | |a Barcelona : |b Mediterrània, |c 2004 | ||
| 300 | |a [16] p. : |b il. col. ; |c 27 cm | ||
| 490 | |a Ciutat i natura ; 37 | ||
| 650 | |a Educació cívica |x Ripollet |9 50377 | ||
| 710 | 1 | |a Barcelona (Catalunya : Província). |b Diputació |9 52408 | |
| 710 | |a Ripollet (Catalunya). |b Ajuntament |9 55414 | ||
| 901 | |a Arxiu | ||
| 942 | |n 1 |2 udc | ||
| 952 | |0 0 |1 0 |4 0 |6 FU655 |7 1 |9 55998 |a Arxiu |b Arxiu |d 2016-12-01 |l 0 |o FU-65-5 |p 24282 |r 2016-12-01 00:00:00 |w 2016-12-01 |y ARXIU | ||
| 999 | |c 59872 |d 59872 | ||